| 000 | 00417cam a2200181 4500 | ||
|---|---|---|---|
| 001 | D13190 | ||
| 008 | 090401t1963 xxu||||| |||| 00| 0 eng d | ||
| 035 | _a(Sirsi) u8286 | ||
| 041 | _aeng | ||
| 100 | _aLamb, Percy | ||
| 245 | 2 | _aA guide to rating practice and procedure | |
| 250 | _a3rd | ||
| 260 |
_aLondon _bEstates Gazette _c1963 |
||
| 350 | _a0 | ||
| 520 | _aShelf 117 | ||
| 942 | _n0 | ||
| 948 | _c04/03/1997 | ||
| 999 |
_c86500 _d86500 |
||